00385nam a22001217a 4500003000400000082001700004100001900021245015500040260003500195300000800230650001700238653000800255SGT a616.01bT22S aSHARMA, MONIKA aThe Comparative Study Of The Efficacy Of Ziehl Neelsen Staining Auramine Staining And Gene Xpert ( CBNAAT) for the Daignosis of Pulmonary Tuberculosis aGURUGRAMbSGT UNIVERSITYc2022 a215 aMICROBIOLOGY aPHD